Famous Opening Sentences Quiz Stats

 Plays Quiz not verified by Sporcle

Also try: Dr. Seuss Books
Challenge
Share
Tweet
Embed
Score 0/40 Timer 13:00
0 Plays Today
Sentence Work % Correct
'Call me Ishmael'.Moby-Dick
89.2%
'Lolita, light of my life, fire of my loins.'Lolita
85.6%
'In a hole in the ground there lived a hobbit'.The Hobbit
85.6%
'Two households, both alike in dignity'.Romeo & Juliet
82.9%
'Alice was beginning to get very tired of sitting by her sister on the bank, and of having nothing to do'.Alice's Adventures In Wonderland
81.1%
'Scarlett O'Hara was not beautiful, but men seldom realized it when caught by her charm as the Tarleton twins were'Gone With The Wind
80.2%
'You don't know about me without you have read a book by the name of The Adventures of Tom Sawyer; but that ain't no matter'.The Adventures Of Huckleberry Finn
80.2%
'It was a bright cold day in April, and the clocks were striking thirteen'.Nineteen Eighty-Four
77.5%
'When he was nearly thirteen, my brother Jem got his arm badly broken at the elbow'.To Kill A Mockingbird
76.6%
'My father's family name being Pirrip, and my Christian name Philip, my infant tongue could make of both names nothing longer or more explicit than Pip'.Great Expectations
72.1%
'It is a truth universally acknowledged, that a single man in possession of a large fortune must be in want of a wife'.Pride & Prejudice
70.3%
'If you really want to hear about it, the first thing you’ll probably want to know is where I was born, and what my lousy childhood was like'.The Catcher In The Rye
69.4%
'Mr. Phileas Fogg lived, in 1872, at No. 7, Saville Row, Burlington Gardens, the house in which Sheridan died in 1814.'Around The World In Eighty Days
64%
'Mrs. Dalloway said she would buy the flowers herself.'Mrs. Dalloway
55.9%
'In my younger and more vulnerable years my father gave me some advice that I’ve been turning over in my mind ever since'.The Great Gatsby
50.5%
'Someone must have been telling lies about Josef K., he knew he had done nothing wrong but, one morning, he was arrested'.The Trial
48.6%
'No one would have believed in the last years of the nineteenth century that this world was being watched keenly and closely by intelligences greater than man's'.The War Of The Worlds
45.9%
'On an exceptionally hot evening early in July a young man came out of the garret in which he lodged in S. Place and walked slowly, as though in hesitation, towards K. bridge'.Crime & Punishment
42.3%
'It was love at first sight'.Catch-22
38.7%
'Stately, plump Buck Mulligan came from the stairhead, bearing a bowl of lather on which a mirror and a razor lay crossed'Ulysses
37.8%
Sentence Work % Correct
'I first met Dean not long after my wife and I split up'.On The Road
36.9%
'Howard Roark laughed.'The Fountainhead
35.1%
'A few miles south of Soledad, the Salinas River drops in close to the hillside bank and runs deep and green'.Of Mice & Men
34.2%
'1801. I have just returned from a visit to my landlord—the solitary neighbour that I shall be troubled with'.Wuthering Heights
33.3%
'To be born again,' sang Gibreel Farishta tumbling from the heavens, 'first you have to die''.The Satanic Verses
33.3%
'Mother died today. Or, maybe, yesterday; I can’t be sure'.The Stranger
31.5%
'''Well, Prince, so Genoa and Lucca are now just family estates of the Buonapartes.''War & Peace
31.5%
'It was a queer, sultry summer, the summer they electrocuted the Rosenbergs, and I didn't know what I was doing in New York'The Bell Jar
27.9%
'The Nellie, a cruising yawl, swung to her anchor with-out a flutter of the sails, and was at rest'.Heart Of Darkness
27%
'Hale knew they meant to murder him before he had been in Brighton three hours'Brighton Rock
22.5%
'3 May. Bistritz.— Left Munich at 8:35 P.M., on 1st May, arriving at Viennaearly next morning; should have arrived at 6:46, but train was an hour late'.Dracula
22.5%
'What's it going to be then, eh?'A Clockwork Orange
15.3%
'The studio was filled with the rich odour of roses'.The Picture Of Dorian Gray
11.7%
'One may as well begin with Helen's letters to her sister'.Howards End
8.1%
'Dear God, I am fourteen years old.'The Color Purple
8.1%
'The sun shone, having no alternative, on the nothing new.'Murphy
6.3%
'In the late summer of that year we lived in a house in a village that looked across the river and the plain to the mountains'A Farewell To Arms
5.4%
'I am always drawn back to places where I have lived, the houses and their neighborhoods'Breakfast At Tiffany's
3.6%
'The house was named `The Cave'.'The Ragged Trousered Philanthropists
3.6%
'Ours is essentially a tragic age, so we refuse to take it tragically'Lady Chatterley's Lover
2.7%

You're not logged in!

Compare scores with friends on all Sporcle quizzes.
Join for Free
OR
Log In

You Might Also Like...

Show Comments

Extras

Top Quizzes Today


Score Distribution

Your Account Isn't Verified!

In order to create a playlist on Sporcle, you need to verify the email address you used during registration. Go to your Sporcle Settings to finish the process.

Report this User

Report this user for behavior that violates our Community Guidelines.

Details: